|
|
|
|
| LEADER |
00000nab a2200000 a 4500 |
| 001 |
vtls001021024 |
| 003 |
SK-MaSNL |
| 005 |
20260426061931.0 |
| 008 |
040720e19981113xo 0 slo |
| 035 |
|
|
|a SN6923
|
| 040 |
|
|
|a SNSK
|b slo
|c SNSK
|e AACR2
|
| 041 |
0 |
|
|a slo
|
| 044 |
|
|
|a xo
|c SK
|
| 080 |
|
|
|a 556.166
|2 1981
|
| 245 |
0 |
0 |
|a Už iba na Bodrogu platí III. stupeň povodňovej aktivity
|c (eb)
|
| 648 |
|
7 |
|a 1998
|2 SNSK
|9 282348
|
| 650 |
0 |
7 |
|a povodne
|2 SNSK
|9 15273
|
| 650 |
0 |
7 |
|a protipovodňová ochrana
|2 SNSK
|9 68729
|
| 651 |
|
7 |
|a Uh (Ukrajina a Slovensko : rieka)
|2 SNSK
|9 31053
|
| 651 |
|
7 |
|a Bodrog (Slovensko a Maďarsko : rieka)
|2 SNSK
|9 159190
|
| 651 |
|
7 |
|a Laborec (Slovensko : rieka)
|2 SNSK
|9 162866
|
| 651 |
|
7 |
|a Slovensko východné
|2 SNSK
|9 161134
|
| 773 |
0 |
|
|t Sme
|g Roč. 6, č. 263 (13.11.1998), s. 3
|
| 852 |
|
|
|a ZVYKNI
|b KIS3GCP
|
| 999 |
|
|
|c 2519255
|d 2521185
|